Écrit le mot en anglais #4 - Statistiques

Statistiques générales
  • Ce quiz a été pris 712 fois
  • Le résultat moyen est 12 sur 15
Statistiques - réponses
Français Anglais % Correct
Rouge Red
100%
Noir Black
99%
Vert Green
99%
Orange Orange
99%
Bleu Blue
98%
Rose Pink
98%
Blanc White
98%
Jaune Yellow
98%
Gris Grey
91%
Or Gold
83%
Argent Silver
65%
Brun Brown
64%
Mauve Purple
58%
Beige Beige
34%
Turquoise Turquoise
29%
Aucun quiz correspondant
Distribution des résultats
% des personnes avec chaque résultat
Percentile par nombre de réponses
Votre historique - résultats
Vous n’avez pas pris ce quiz